[Event "St Petersburg op2"]
[Site "St Petersburg"]
[Date "1994.??.??"]
[Round "5"]
[White "Serper, Grigory"]
[Black "Notkin, Maksim"]
[Result "1/2-1/2"]
[WhiteElo "2575"]
[BlackElo "2465"]
[Annotator "Serper,G"]
[PlyCount "54"]
[EventDate "1994.10.??"]
[EventType "swiss"]
[EventRounds "9"]
[EventCountry "RUS"]
[SourceTitle "CBM 043 Extra"]
[Source "ChessBase"]
[SourceDate "1995.01.01"]
[SourceVersion "1"]
[SourceVersionDate "1995.01.01"]
[SourceQuality "1"]

1. c4 Nf6 2. Nc3 c5 3. Nf3 e6 4. g3 b6 5. Bg2 Bb7 6. O-O Be7 7. d4 cxd4 8. Qxd4
d6 9. Bg5 O-O 10. Rfd1 h6 11. Bxf6 Bxf6 12. Qxd6 Qxd6 13. Rxd6 Na6 $5 (13...
Bxc3 $2 14. bxc3 Na6 15. Ne5 $16) 14. Rc1 Rfd8 15. Rxd8+ Rxd8 16. Rd1 (16. Ne1
Bxg2 17. Kxg2 Rd2 18. Nd3 Nc5 $1 $10 (18... Bxc3 $6 19. Rxc3 Rxe2 20. Kf3 Rd2
21. Ke3 Rd1 22. Ra3 $18)) (16. Nd1 Bxf3 17. Bxf3 Rd2 18. Rb1 Rc2 $10) 16... Rc8
$146 (16... Rxd1+ 17. Nxd1 Be4 18. Nd2 Bc2 19. Ne3 Bh7 {Kengis,E-Shabalov,A/
URS/1986/0,5/19/}) 17. Nb5 $1 Bxf3 $8 (17... Rxc4 18. Nd2 $18) 18. Bxf3 Rxc4
19. Rd7 (19. b3 Rc2 $10) 19... Rb4 $1 20. Rxa7 Rxb5 21. Rxa6 Bxb2 $1 (21...
Rxb2 22. Ra8+ Kh7 23. Rf8 {/\ Be4+-}) 22. a4 $6 (22. Bc6 $32) 22... Rb4 23. Bc6
g5 24. h3 Be5 25. Bb5 Bc7 $1 26. Kg2 Rb3 27. Ra8+ Kg7 1/2-1/2

[Event "Olympiad-32"]
[Site "Yerevan"]
[Date "1996.09.27"]
[Round "11.1"]
[White "Yermolinsky, Alex"]
[Black "Ftacnik, Lubomir"]
[Result "1-0"]
[WhiteElo "2610"]
[BlackElo "2610"]
[Annotator "Shipov,S"]
[PlyCount "61"]
[EventDate "1996.09.15"]
[EventType "team-swiss"]
[EventRounds "14"]
[EventCountry "ARM"]
[SourceTitle "CBM 055"]
[Source "ChessBase"]
[SourceDate "1996.12.01"]
[SourceVersion "1"]
[SourceVersionDate "1996.12.01"]
[SourceQuality "1"]
[WhiteTeam "US of America"]
[BlackTeam "Slovakia"]
[WhiteTeamCountry "USA"]
[BlackTeamCountry "SVK"]

1. Nf3 Nf6 2. c4 c5 3. Nc3 e6 4. g3 b6 5. Bg2 Bb7 6. O-O Be7 7. d4 cxd4 8. Qxd4
d6 9. b3 O-O (9... Nbd7 10. Nb5 Nc5 11. Rd1 Nfe4 12. Qxg7 $1 Bf6 13. Qh6 Bxa1
14. Ng5 $44) 10. Ba3 Na6 11. Rfd1 Nc5 12. b4 (12. Qe3 Rc8 13. Rac1 a6 14. h3
Qc7 15. Nd4 Rfe8 16. Bxb7 Qxb7 17. Bb2 Nfe4 18. Nxe4 Nxe4 19. Qf3 Bf6 $10 {
Epishin,V-Beliavsky,A/Reggio Emilia/1991/1:0/63/}) 12... Nce4 (12... Ncd7 $5)
13. Nxe4 Bxe4 (13... Nxe4 $1 14. Rac1 Qc7 15. Qa1 a6 16. Bb2 Nf6 17. a4 Rfc8
18. Bh3 Qc6 19. Bg2 Qe8 20. Nd4 Bxg2 21. Kxg2 d5 $10 {Ftacnik,L-Mestel,J/Malta
(olm)/1980/0,5/31/}) 14. b5 $1 Qc8 (14... d5 15. Bxe7 Qxe7 16. Ne5 $16 {>< c6/}
) (14... Bxf3 15. Bxf3 d5 16. Bb2 $1 $16 Bc5) 15. Bxd6 Rd8 (15... Bxd6 $6 16.
Qxd6 Qxc4 17. Nd2 Qa4 (17... Qxe2 18. Re1 $18) 18. Nxe4 Nxe4 19. Qe5 Nc5 20.
Bxa8 $16) 16. c5 $5 (16. Qe5 Bxd6 17. Rxd6 Rxd6 18. Qxd6 Qxc4 19. Nd2 Qd5 (
19... Qxe2 20. Nxe4 Nxe4 21. Qc6 Qxf2+ 22. Kh1 Nxg3+ 23. hxg3 $14) 20. Nxe4
Nxe4 21. Qxd5 exd5 22. Bxe4 dxe4 23. Rc1 $36) 16... bxc5 17. Qe5 Bxd6 18. Rxd6
Rxd6 19. Qxd6 $14 Rb8 $2 (19... Qb7 $1 20. a4 (20. Qxc5 Rc8 $44) 20... c4 $132)
20. a4 Rb6 21. Qd2 a6 22. Qa5 $16 Rd6 23. Ne5 Bxg2 24. Kxg2 Nd7 $2 (24... axb5
$8) 25. Nc4 Qa8+ (25... Rd4 26. Qxa6 $1) 26. Kg1 Rd4 27. Qxa6 $1 Qe4 (27...
Qxa6 28. bxa6 Rxc4 29. a5 $3 $18 (29. a7 $2 Nb6 30. a5 Na8 31. Rb1 Rb4 32. Rd1
Rd4 $10)) 28. Qc8+ Nf8 29. Ne3 $18 Qe5 30. b6 Rd2 31. Rf1 1-0

[Event "St Petersburg op"]
[Site "St Petersburg"]
[Date "1995.??.??"]
[Round "2"]
[White "Serper, Grigory"]
[Black "Nepomnishay, Mikhail I"]
[Result "1-0"]
[WhiteElo "2585"]
[BlackElo "2410"]
[Annotator "Shipov,S"]
[PlyCount "77"]
[EventDate "1995.05.??"]
[EventType "swiss"]
[EventRounds "9"]
[EventCountry "RUS"]
[SourceTitle "CBM 046 Extra"]
[Source "ChessBase"]
[SourceDate "1995.07.01"]
[SourceVersion "1"]
[SourceVersionDate "1995.07.01"]
[SourceQuality "1"]

1. c4 c5 2. Nf3 Nf6 3. Nc3 e6 4. g3 b6 5. Bg2 Bb7 6. O-O Be7 7. d4 cxd4 8. Qxd4
d6 9. Bg5 O-O (9... a6 10. Bxf6 Bxf6 11. Qf4 Ra7 12. Rfd1 Be7 13. Ne4 Bxe4 14.
Qxe4 O-O 15. Nd4 Qc8 16. Rac1 Re8 17. Qe3 Rc7 18. b3 Bf8 $10 {Ulibin,M-Shipov,
S/St-Peterburg op/1995/}) 10. Rfd1 h6 $5 (10... Nbd7 11. Nb5 d5 12. cxd5 Bxd5
13. Nc3 Bc6 14. Ne5 (14. Qc4 Qc8 15. e4 h6 $10 {Korchnoi,V-Ftacnik,L/Biel/1984/
}) (14. Qf4 $5) 14... Nxe5 15. Qxe5 Qe8 16. Qc7 $14 {Schlusser,H-Suba,M/
Lucerne/1982/}) 11. Bxf6 Bxf6 12. Qf4 $1 {N/} (12. Qxd6 Qxd6 13. Rxd6 Na6 14.
Rc1 Rfd8 15. Rxd8+ Rxd8 16. Rd1 Rc8 $1 17. Nb5 Bxf3 18. Bxf3 Rxc4 19. Rd7 Rb4
$10 {Serper,G-Notkin,M/St-Peterburg op/1994/}) 12... Bxc3 (12... Qe7 $5 13.
Rxd6 e5 14. Qd2 e4 15. Nh4 $1 (15. Ne1 Be5) 15... Bxc3 $5 (15... Bxh4 16. gxh4
Qxh4 $5) 16. bxc3 e3 $1 $132) 13. bxc3 Na6 14. Rxd6 $14 Qe7 15. Rad1 Rad8 $2 (
15... Bxf3 $32 16. Bxf3 (16. Rd7 Rad8 17. Rxe7 Rxd1+ 18. Bf1 Bxe2 $19) 16...
Rad8) 16. Rxd8 $1 Rxd8 17. Rxd8+ Qxd8 18. Nd4 Bxg2 19. Kxg2 Nc5 20. Nc6 $16 Qd7
(20... Qd1 $2 21. Qb8+ Kh7 22. Ne7 $18) (20... Qa8 21. Qc7 Ne4 22. f3 $1 Nxc3
23. Nd8 $40) 21. Qb8+ Kh7 22. Nxa7 Na4 23. h4 h5 24. Nb5 Qc6+ 25. Kg1 f6 (25...
Qxc4 $5 26. Nd6 $1 Qxe2 27. Nxf7 Qe1+ 28. Kg2 Nxc3 29. Ng5+ Kh6 30. Qh8+ Kg6
31. Qh7+ Kf6 32. Qxh5 $18) 26. Qd8 $1 Nc5 27. Nd4 Qa4 28. Qxb6 Qxc4 29. Qb1+ f5
30. Qb4 $18 Qd5 31. Qb5 Qd6 32. Qe8 Kh6 33. Qh8+ Kg6 34. Qe8+ Kh6 35. Qf7 Qd5
36. a4 $1 Kh7 37. Qxh5+ Kg8 38. Qe8+ Kh7 39. h5 1-0

[Event "RUS-Cup01 Chigorin Memorial"]
[Site "St Petersburg"]
[Date "1996.??.??"]
[Round "9"]
[White "Filippov, Valerij"]
[Black "Kiik, Kalle"]
[Result "1-0"]
[WhiteElo "2565"]
[BlackElo "2370"]
[Annotator "Shipov,S"]
[PlyCount "77"]
[EventDate "1996.11.??"]
[EventType "swiss"]
[EventRounds "9"]
[EventCountry "RUS"]
[SourceTitle "CBM 056 Extra"]
[Source "ChessBase"]
[SourceDate "1997.03.01"]
[SourceVersion "1"]
[SourceVersionDate "1997.03.01"]
[SourceQuality "1"]

1. Nf3 c5 2. c4 Nf6 3. Nc3 e6 4. g3 b6 5. Bg2 Bb7 6. O-O a6 7. Re1 d6 8. e4
Nbd7 (8... Be7 $1 9. d4 cxd4 10. Nxd4 Qc7) 9. d4 cxd4 10. Nxd4 Qc7 11. Be3 (11.
Nd5 $1 exd5 12. exd5+ Kd8 13. Nc6+ $36) 11... Be7 12. Rc1 O-O 13. f4 {/\ f5 ><
e6,d5/} Rfe8 14. g4 (14. f5 Nf8 $1 {/\ N6d7,Bf6/}) 14... g6 (14... Nc5 15. Bf2
g6 16. b4 Rad8 17. Qf3 Ncxe4 18. Nxe4 Nxe4 19. Rxe4 Bxe4 20. Qxe4 d5 21. Nxe6
$2 (21. Qe1 $1 Qxf4 22. Nc6 $36) 21... Qc8 $1 22. Qe1 Qxe6 23. Qxe6 fxe6 24.
Bxb6 Rb8 25. c5 Bd8 $17 {Krivosheja,S-Shipov,S/Yalta/1996/0:1/63/}) (14... h6
15. g5 $1 (15. h4 $6 Nc5 16. Bf2 e5 $2 (16... d5 $1 $36) 17. fxe5 dxe5 18. Nf5
$16 {Cvitan,O-Lautier,J/Novi Sad/1990/1:0/29/}) 15... hxg5 16. fxg5 Nh7 17. g6
Nhf8 18. gxf7+ Kxf7 19. Bh3 $14) (14... Nf8 15. g5 N6d7 16. b3 Rac8 17. f5 Qb8
18. fxe6 fxe6 19. Rf1 Bd8 20. Rc2 Re7 21. Bh3 Bc7 22. Rcf2 $14 {Belov,
I-Yagupov,I/Moscow/1992/0:1/38/}) 15. g5 Nh5 16. f5 $1 exf5 (16... Bf8 17. Bf3
$1 Ne5 (17... Ng7 18. f6) 18. Bxh5 gxh5 19. Rc2 Qd7 20. Qxh5 d5 21. fxe6 fxe6
22. cxd5 exd5 23. Nxd5 Bxd5 24. exd5 Qxd5 25. Rc7 $16 {Yermolinsky,A-Chekhov,V/
URS/1984/1:0/47/}) 17. Nd5 $1 (17. exf5 $6 Bxg2 18. Kxg2 Qxc4 $1 $13) 17... Qd8
$8 18. Nxf5 $1 Bf8 (18... gxf5 $2 19. Qxh5 $18) (18... Bxg5 $2 19. Nxd6) 19.
Rf1 Bxd5 (19... Ne5 20. Nxb6 Rb8 21. Rc2 $16 {Gausel,e-Gipslis,A/Gausdal/1992/
0.5/35/}) 20. cxd5 $16 {^^,>< c6/} Ne5 21. Nd4 b5 22. Nc6 Qd7 (22... Nxc6 23.
dxc6 $1) 23. Nxe5 Rxe5 24. Rc6 Be7 25. Qc1 Qg4 26. h3 Qh4 27. Rc8+ $1 Rxc8 28.
Qxc8+ Bf8 (28... Kg7 $1 29. Qe8 f5 (29... f6 $2 30. Bd4 $18) 30. Bd4 Qxg5 $16)
29. Qg4 (29. Qd7 $5) 29... Qg3 (29... Qxg4 30. hxg4 Ng3 31. Re1 $1 {/\ Bf4+-/})
30. Qxg3 Nxg3 31. Re1 Re8 (31... Nxe4 32. Bf4) 32. Bf4 Nh5 33. Bh2 h6 (33...
Rc8 34. e5 $1) 34. gxh6 Rd8 35. e5 $1 dxe5 36. Bxe5 $18 Rd7 (36... Bxh6 37. Bc7
Rd7 38. d6 Bf4 39. Re7 Rxd6 40. Bxd6 Bxd6 41. Rd7 $18) (36... Bd6 37. Bxd6 Rxd6
38. Rc1 {/\ Rc6/}) 37. Rc1 Bxh6 38. Rc8+ Bf8 39. d6 1-0

[Event "RUS-ch"]
[Site "Elista"]
[Date "1994.??.??"]
[Round "3"]
[White "Pushkov, Nikolai"]
[Black "Shipov, Sergei"]
[Result "1/2-1/2"]
[WhiteElo "2485"]
[BlackElo "2525"]
[Annotator "Shipov,S"]
[PlyCount "86"]
[EventDate "1994.09.??"]
[EventType "swiss"]
[EventRounds "11"]
[EventCountry "RUS"]
[SourceTitle "CBM 044"]
[Source "ChessBase"]
[SourceDate "1995.02.01"]
[SourceVersion "1"]
[SourceVersionDate "1995.02.01"]
[SourceQuality "1"]

1. Nf3 Nf6 2. c4 c5 3. Nc3 e6 4. g3 b6 5. Bg2 Bb7 6. O-O Be7 7. d4 cxd4 8. Qxd4
d6 9. b3 O-O 10. Bb2 Nbd7 11. Rfd1 a6 12. Ng5 Bxg2 13. Kxg2 Qb8 14. Nge4 Rd8
15. Nxf6+ Bxf6 $6 (15... Nxf6 $10) 16. Qd2 $1 (16. Qxd6 $2) 16... Qb7+ (16...
b5 $6 17. cxb5 axb5 18. Qxd6 $1 Qb7+ (18... Qxd6 19. Rxd6 Nf8 (19... Rac8 20.
Rad1 $1) 20. Rxd8 Rxd8 21. Rd1 $1 Rc8 (21... Bxc3 $2 22. Rxd8 Bxb2 23. Rb8 $18)
22. Rc1 $16) 19. Kg1 (19. f3 $5) 19... b4 (19... Rac8 20. Qb4 $16) (19... Ne5
20. Qb4 Nc6 21. Qe4 $16) 20. Na4 Ne5 (20... Nf8 21. Qc5 $1 Rxd1+ 22. Rxd1 Bxb2
(22... Rxa4 $2 23. bxa4 Bxb2 24. Rd8 $18) 23. Nxb2 Rxa2 $2 24. Rd8 Ra1+ 25. Nd1
$18) 21. Qb6 Qe4 22. Bxe5 Qxe5 23. e3 $16) (16... Nc5 $5 17. b4 Nd7 18. Ne4
Bxb2 19. Qxb2 Nf8 (19... Ne5 20. Nxd6 $1 $16) 20. Rd2 $14) 17. f3 $1 Nf8 (17...
Nc5 18. b4 $1 Nd7 19. Ne4 Bxb2 20. Qxb2 $16) (17... Be7 18. Ne4 Nc5 19. Qd4 $1
Bf8 20. Nf6+ $1 Kh8 (20... gxf6 $2 21. Qg4+ $18) 21. Qh4 h6 22. Ng4 $36) (17...
Be5 $1 18. Ne4 (18. Kg1 $1) 18... d5 $1 19. cxd5 exd5 $1 (19... Bxb2 $2 20.
Qxb2 exd5 21. Nd6 Qc6 22. Nf5 $16) 20. Nc3 d4 21. Ne4 Nf6 22. Nxf6+ Bxf6 $10)
18. Rac1 h6 {[/\ 19...Bg5]} 19. Ne4 Bxb2 (19... Be7 20. Qc3 $16) 20. Qxb2 d5 (
20... Qc6 $2 21. Qa3 $18) 21. Nf2 $6 (21. cxd5 $5 exd5 22. Nf2 Re8 $1 (22...
Ne6 23. Qe5 $1 $16) 23. Rd2 Rad8 $14) 21... dxc4 22. Rxc4 (22. Rxd8 $142 Rxd8
23. Rxc4 Rc8 24. Rd4 $1 $14) 22... Rxd1 23. Nxd1 Rc8 $1 24. Qc2 (24. Rd4 $5)
24... Rxc4 25. Qxc4 Nd7 $10 26. Ne3 b5 27. Qd4 Qc7 28. Kf2 Nf6 29. a4 bxa4 30.
bxa4 (30. Qxa4 $2 Qb6 $1 $36) 30... Nd7 31. a5 Nc5 32. Qb4 Qd6 (32... Nb7 33.
Nc4 (33. Qb6 $5) 33... Qc5+ 34. Qxc5 Nxc5 35. Na3 Nb7 36. Nc2 Nxa5 37. Nb4 $10)
33. Kg2 Qe5 34. Kf2 h5 35. Qd2 Qc7 (35... Nb7 36. Qd7 Nxa5 37. Qc8+ (37. Qe8+
$5) 37... Kh7 38. Qxa6 $10) 36. Qb4 Qd6 37. Kg2 Qe5 38. Kf2 g6 39. Nc2 Qc7 40.
Ne3 Qd6 41. Kg2 Qe5 42. Kf2 Qd6 43. Kg2 Qe5 1/2-1/2

[Event "RUS-chT 11th"]
[Site "Sochi"]
[Date "2004.04.25"]
[Round "6.3"]
[White "Filippov, Valerij"]
[Black "Shipov, Sergei"]
[Result "1/2-1/2"]
[WhiteElo "2639"]
[BlackElo "2593"]
[Annotator "Stohl,I"]
[PlyCount "96"]
[EventDate "2004.04.20"]
[EventType "team-tourn"]
[EventRounds "9"]
[EventCountry "RUS"]
[SourceTitle "EXT 2020"]
[Source "ChessBase"]
[SourceDate "2019.10.17"]
[SourceVersion "1"]
[SourceVersionDate "2019.10.17"]
[SourceQuality "1"]
[WhiteTeam "Kazan Ladya"]
[BlackTeam "Samara Termosteps"]
[WhiteTeamCountry "RUS"]
[BlackTeamCountry "RUS"]

1. c4 Nf6 2. Nc3 c5 3. Nf3 e6 4. g3 b6 5. Bg2 Bb7 6. O-O Be7 7. Re1 d6 8. e4 a6
9. d4 cxd4 10. Nxd4 Qc7 11. f4 (11. Be3 O-O 12. Rc1 {is a possible move-order,
designed to prevent} Nc6 $2 13. Nd5 $1 $18) 11... O-O 12. Be3 Re8 (12... Nc6 $5
13. Rc1 Nxd4 14. Bxd4 Rac8 15. b3 Rfe8 16. a4 Nd7 17. Rc2 Bf8 18. Rd2 Nb8 19.
Bf2 Bc6 20. g4 Qb7 21. Bf1 Nd7 22. g5 Nc5 23. Bg2 b5 $132 {Kramnik,V-Leko,P/
Tilburg/1997/}) (12... Nbd7 13. Rc1 (13. g4 $5) (13. Bf2 $5) 13... h5 $5 $13 {
is currently the most topical line}) 13. Rc1 Bf8 {Black continues to postpone
the development of his Nb8, the usual continuation is} (13... Nbd7 14. g4 Nc5
15. Bf2 $13 {/+/=}) 14. f5 {White's most aggressive and direct try. However,
it's difficult to claim an advantage after less incisive moves:} (14. g4 Nfd7
$1 15. g5 Nc6 16. Nde2 Rac8 17. b3 Qb8 18. Ng3 Nc5 19. Bf1 Rcd8 20. Rc2 g6 $13
21. f5 $6 Ne5 22. Rf2 Qa8 23. fxe6 fxe6 24. b4 Ncd7 25. Nb1 d5 $36 {Lobron,
E-Granda Zuniga,J/Wijk aan Zee-B/2004/}) (14. Bf2 Nfd7 $5 (14... Nbd7 $143 15.
Qe2 g6 16. e5 $1 Bxg2 17. Kxg2 dxe5 18. fxe5 Nh5 19. b3 Rac8 20. Nf3 Red8 21.
Bd4 Bc5 22. Red1 Bxd4 23. Rxd4 Nb8 24. Rcd1 Rxd4 25. Rxd4 Nc6 26. Rd2 Ng7 27.
g4 $14 {[%csl Ge5] ()>>,Wojtkiewicz,A-Suba,M/Budapest zt/1993/}) 15. b3 Nc6 16.
Nc2 Rac8 17. Qd2 Ba8 18. Red1 Qb8 19. Qe2 Rcd8 20. g4 Na7 21. Qe3 $14 {/<=>,1/
2,Ionov,S-Brodsky,M/Wijk aan Zee op/1998/}) 14... h6 $1 (14... Nbd7 $6 {
transposes to a line, which gives White a clear-cut edge:} 15. fxe6 fxe6 16.
Bh3 $36) (14... exf5 $6 15. Nd5 $1 Bxd5 16. cxd5 Qb7 17. exf5 Nbd7 18. Nc6 g6
19. Qf3 Bg7 20. Bf4 $40 {Vaganian,R-Bischoff,K/GER Cup Walldorf/1998/}) 15. Rf1
$5 $146 {[%mdl 8]} (15. g4 Nbd7 16. fxe6 fxe6 17. g5 hxg5 18. Bxg5 Nh7 19. Bh4
Ne5 20. Rf1 Bc8 21. Bh3 g6 $5 (21... Qxc4 $6 22. Nd5 $1 exd5 23. Rxc4 Bxh3 24.
Rc7 Bxf1 25. Kxf1 dxe4 26. Nf5 Rac8 27. Rxc8 Rxc8 28. Nxd6 Bxd6 29. Qxd6 Nf7
30. Qe6 $16 {Poluljahov,A-Ulibin,M/RUS-ch St. Petersburg/1998/}) 22. b3 Qg7 (
22... Bh6 $5 23. Rc2 Ng5 $132) 23. Qd2 Qh6 24. Qxh6 Bxh6 25. Rcd1 g5 26. Bg3 g4
27. Bg2 Ng5 28. Nde2 {Komarov,D-Del Rio Angelis,S/Italia/1999/} Bf8 $1 $13) (
15. Qe2 Nbd7 16. fxe6 fxe6 17. Bh3 Nc5 18. b4 Ncxe4 19. Nxe4 Nxe4 20. Bxe6+ {
1/2,Marin,M-Cosma,I/ROM-chT/2001/} Kh8 21. Bd5 Nf6 22. Bxb7 Qxb7 23. Qf3 $5 $14
) (15. fxe6 fxe6 16. Bh3 Qf7 $11 {leads nowhere.}) 15... Qe7 (15... Nbd7 $6 16.
fxe6 fxe6 17. Bh3 $16) (15... e5 16. Nde2 {[%cal Yc3d5] (),/\Nd5|^}) 16. fxe6
fxe6 17. Bh3 Qf7 18. Rxf6 $5 {[%mdl 512] White has won a tempo compared with
the 15.fe6 line, but Black's position remains quite solid and once his N comes
to e5 he will have little to complain about. Therefore Filippov sacrifices an
exchange to make use of his temporary lead in development.} (18. Rc2 Nbd7 $132
{[%cal Yd7e5] /\Ne5}) 18... Qxf6 (18... gxf6 $2 19. Bxe6 $1 Rxe6 20. Qg4+ $18)
19. Qg4 $44 {|^} Nc6 (19... h5 20. Qxh5 g6 21. Qg4 (21. Qe2 $5 Nc6 (21... Bh6
22. Rf1 $16 {/\} Bxe3+ 23. Qxe3 Qe5 24. Qf2 Kh8 25. Nxe6 $1 $18) 22. Nxc6 Bxc6
23. Rf1 $36) 21... Bh6 22. Bxh6 Qxd4+ 23. Kh1 $40) (19... Bc8 20. Rf1 e5 (20...
Qe5 21. Qg6 Re7 (21... Bd7 22. Qf7+ Kh7 23. Nxe6 $18) 22. Na4 $1 $18) (20...
Qe7 21. Qg6 $40 (21. Na4 $5 $16)) 21. Nf5 Bxf5 22. Rxf5 Qd8 23. Nd5 $40 {/+-})
(19... Nd7 $5 20. Rf1 (20. Nxe6 $2 Ne5 21. Qf5 Bc8 $17) 20... Qe5 (20... Ne5 {
-19...Nc6}) 21. Nxe6 (21. Qg6 Nf6 {lcan lead to the same position.}) 21... Nf6
22. Qg6 (22. Qd1 Nxe4 $15) 22... Rxe6 (22... Bxe4 23. Nxe4 Qxe4 24. Qxe4 Nxe4
25. Nc7 $16) (22... Nxe4 $2 23. Rf5 Qxe6 24. Rxf8+ $18) 23. Rf5 Bxe4 $1 (23...
Qxc3 24. bxc3 Bxe4 25. Rxf6 Bxg6 26. Bxe6+ Kh7 27. Bd5 $14 {[%csl Rb6] ><b6})
24. Rxe5 Bxg6 25. Rxe6 Bf7 26. Bxb6 $44 (26. Ne4 $5 $44)) 20. Rf1 Ne5 (20...
Qe5 $5 21. Nf3 Qf6 22. Ng5 (22. Bxb6 $5 $44) 22... Qg6 23. Nxe6 (23. Qxe6+ Rxe6
24. Bxe6+ Kh8 25. Nf7+ Kg8 26. Ng5+ $11) 23... Qxg4 24. Bxg4 Ne5 25. Bf5 Nxc4
$13) 21. Qh5 (21. Rxf6 $5 Nxg4 22. Rxf8+ Kxf8 23. Bxg4 $14) 21... Qg6 (21... g6
22. Qe2 $5 $16 {[%csl Rg6,Rh6] ׻} (22. Rxf6 gxh5 23. Bxe6+ $36)) (21... Qe7
22. Bxe6+ Kh7 23. Nd5 $16) 22. Qxg6 Nxg6 23. Bxe6+ Kh8 $8 (23... Kh7 $143 $6
24. Bf5 Bc8 25. Nd5 Bxf5 26. exf5 Ne5 27. Nxb6 $16) 24. Bf7 Bxe4 25. Bxe8 Rxe8
26. Nxe4 Rxe4 27. Nf5 $36 {[%csl Ra6,Rb6,Rd6] +/=,ק The complications are
over and White has a comfortable _|_ with a more or less permanent advantage
due to his better P-structure.} Kg8 (27... Rxc4 $2 28. Nh4 $1 $18) 28. Bxb6
Rxc4 29. b3 Rc6 (29... Rc2 30. Rf2 $14) 30. Bd4 Ne5 (30... Ne7 $6 31. Bxg7 $1
$16) 31. Ne3 Be7 $6 (31... Nd3 $14) 32. Nd5 Bd8 33. Nb4 $1 Rc8 34. Nxa6 Nd3 {
[%cal Rc8c2,Rc8a8] /\Ra8,Rc2} 35. Be3 $2 {After this passive move White won't
have any realistic chances for success.} (35. Rd1 $142 Rc1 (35... Nc1 36. Nb4
Ne2+ (36... Ba5 37. Nd5 {[%cal Rd5e7] /\Ne7+-}) 37. Kf1 Nxd4 38. Rxd4 $16) 36.
Rxc1 Nxc1 37. Kf2 Nxa2 38. b4 $36 {[%csl Gb4] +/-o^b and the distant passed
pawn, together with the necessity to lose another tempo to safeguard the Pg7
give White a promising _|_.}) 35... Rc2 36. a3 (36. Rd1 Rxa2 37. Rxd3 Rxa6 38.
Kf1 (38. b4 Bb6 $11) 38... Ba5 $132) 36... Ra2 37. Nb4 (37. Rd1 Ne5 $5 (37...
Rxa3 38. Rxd3 Rxa6 $11 {-36.Rd1}) 38. Kf1 (38. Rxd6 Be7 39. Rd5 Nf3+ 40. Kf1
Nxh2+ 41. Ke1 Rxa3 $11 {/=/+}) 38... Nf3 $132 {/=}) (37. a4 Rb2 38. b4 Nxb4 39.
Rd1 $5 (39. Nxb4 Rxb4 40. Ra1 Ba5 $11) 39... Nxa6 40. Rxd6 Bg5 41. Bxg5 Nc5 42.
Be3 Nxa4 43. Bd4 (43. Rd8+ Kh7 44. Bd4 Rb7 $11) 43... Rd2 44. Rd7 g5 $11) 37...
Nxb4 38. axb4 Rb2 $11 39. Bf4 (39. Ra1 Bf6 $1 (39... Rxb3 40. Ra8 $14) 40. Ra3
(40. b5 Rxb3 41. Ra8+ Kf7 42. b6 d5 $15) 40... d5 41. Bc5 d4 $11) 39... Bb6+
40. Kh1 d5 41. Bd6 {Black wins the P back and the tension dissipates.} (41. Rf3
$6 g5 42. Bd6 g4 $36) 41... Rxb3 42. h4 (42. Rd1 d4 43. Bc5 $11 {with a
sterile _|_ was simpler.}) 42... Bd4 43. Rf8+ (43. Rd1 Bc3 44. Rxd5 Bxb4 45.
Rb5 Rb1+ 46. Kg2 Rb2+ 47. Kf3 Bc3 $11) 43... Kh7 44. h5 Bb2 (44... Bc3 45. Rf7
Rb2 $11) 45. Kg2 d4 46. Rd8 d3 47. Bf4 Ba3 48. b5 Rxb5 (48... Rxb5 49. Rxd3 Be7
$11) 1/2-1/2